Logo BPK

Biblioteka

Politechniki Koszalińskiej

Człowiek, praca, środowisko : (Rekord nr 3925)

Szczegóły MARC
000 -ETYKIETA REKORDU
podpole kontrolne o stałej długości 00403nam a2200145 i 4500
001 - NUMER KONTROLNY REKORDU
pole kontrolne bg
040 ## - ŹRÓDŁO KATALOGOWANIA
Instytucja, która utworzyła rekord BPK
041 ## - KOD JĘZYKA
Kod języka tekstu pol
080 ## - UNIWERSALNA KLASYFIKACJA DZIESIĘTNA - UKD
UKD 33.82+331.11
008 - POLE O STAŁEJ DŁUGOŚCI - DANE KONTROLNE
podpole kontrolne o stałej długości s pl f |000 0 pol
245 #0 - TYTUŁ/ODPOWIEDZIALNOŚĆ
Tytuł Człowiek, praca, środowisko :
Ciąg dalszy tytułu poradnik z zakresu bezpieczeństwa pracy i ergonomii /
Pozostałe elementy strefy tytułu i oznaczenia odpowiedzialności H. Gadomska [et al.].
260 ## - STREFA ADRESU WYDAWNICZEGO
Miejsce wydania Warszawa,
Data publikacji, dystrybucji/powstania dokumentu 1989.
700 1# - HASŁO DODATKOWE - NAZWA OSOBOWA
Nazwa osobowa Gadomska, Helena.
856 ## - LOKALIZACJA I DOSTĘP DO ELEKTRONICZNYCH DOKUMENTÓW ZDALNYCH
Link (URL) http://koha.tu.koszalin.pl/cgi-bin/koha/opac-detail.pl?biblionumber=3925
Tekst linku Katalog online BPK
942 ## - DODATKOWE ELEMENTY (KOHA)
Typ dokumentu Książka
Egzemplarze
Wycofany Status egzemplarza Uszkodzony Dostępność Lokalizacja stała Lokalizacja bieżąca Miejsce przechowywania Sygnatura Kod kreskowy Typ dokumentu
      Dostępny Biblioteka Politechniki Koszalińskiej Biblioteka Politechniki Koszalińskiej Wypożyczalnia BG P 39103 01120110 Książka
© 2023 Biblioteka Politechniki Koszalińskiej :: KOHA